000 00868nam a2200265 a 4500
001 52310
003 BD-RjUL
005 20211209075802.0
008 160919s1984 nyua b 000 0 eng
020 _a088318446X (pbk.)
035 _a(BD-RjUL)52430
040 _aDLC
_cDLC
_dDLC
_dBD-RjUL
_beng
041 _aeng
082 0 0 _a523.01
_223
_bAST 1984
245 0 0 _aAstrophysics today /
_cA.G.W. Cameron, editor.
260 _aNew York, N.Y. :
_bAmerican Institute of Physics,
_cc1984.
300 _ax, 337 p. :
_bill. ;
_c29 cm.
500 _a"Pub. no. R-315"--T.p. verso.
650 0 _aAstrophysics.
_9156188
700 1 _aCameron, A. G. W., editor
_q(Alastair Graham Walter),
_d1925-
_9156553
830 _aReadings from Physics today ;
_vno. 1
_9156554
942 _2ddc
_cBK
999 _c52310
_d52310